Countries from Heathrow Quiz Stats

 Plays Quiz not verified by Sporcle

Support Sporcle.
Go Orange.
Score 0/78 Timer 05:00
1 Play Today
Number of Passengers (2015) Country % Correct
13,502,011USA
99.6%
2,516,141Spain
96.6%
5,527,786Germany
96.2%
2,806,621France
95.8%
2,483,364Canada
95.8%
711,512Russia
95.4%
2,419,220India
95%
2,378,828Italy
94.5%
809,226Portugal
94.1%
2,657,021China
94.1%
1,294,655Sweden
93.3%
1,011,433Norway
92.4%
611,328Japan
92.4%
960,215Turkey
91.6%
1,356,152South Africa
90.8%
655,532Finland
89.9%
789,216Austria
89.1%
455,394Poland
89.1%
3,287,639UAE
89.1%
814,083Greece
88.7%
1,609,892Netherlands
88.7%
443,687Australia
88.7%
629,422Brazil
88.2%
2,301,752Ireland
87.8%
997,988Denmark
87.4%
232,998Mexico
87.4%
628,148Belgium
85.3%
348,572Egypt
84.5%
2,343,913Switzerland
84%
456,557South Korea
82.8%
1,150,240Singapore
82.8%
584,298Israel
80.3%
245,712Pakistan
80.3%
151,603Argentina
80.3%
599,558Thailand
79.4%
253,603Romania
78.6%
125,887New Zealand
78.6%
240,313Iceland
78.2%
72,523Ukraine
78.2%
Number of Passengers (2015) Country % Correct
96,311Morocco
78.2%
582,444Nigeria
78.2%
290,941Kenya
77.7%
182,313Bulgaria
76.1%
433,345Czech Republic
74.4%
606,746Malaysia
74.4%
50,397Iran
73.1%
1,072,031Qatar
73.1%
482,892Saudi Arabia
73.1%
291,955Hungary
72.3%
200,323Croatia
70.6%
279,038Cyprus
70.6%
189,409Malta
70.2%
84,536Serbia
67.6%
42,031Tunisia
66.8%
71,565Algeria
66.4%
117,188Bangladesh
65.1%
82,958Vietnam
65.1%
179,275Oman
64.7%
145,659Luxembourg
63.9%
255,510Lebanon
62.6%
203,205Sri Lanka
60.9%
272,975Kuwait
58.8%
161,558Ethiopia
57.1%
194,935Ghana
57.1%
109,427Colombia
56.7%
203,783Jordan
56.3%
282,835Bahrain
56.3%
123,578Taiwan
55.5%
85,392Philippines
55%
82,685Azerbaijan
50.4%
49,456Kazakhstan
49.6%
25,098Uzbekistan
45%
52,503Bahamas
43.7%
18,493Turkmenistan
36.6%
43,857Uganda
32.4%
81,497Mauritius
32.4%
29,953Angola
31.1%
85,594Brunei
30.7%

You're not logged in!

Compare scores with friends on all Sporcle quizzes.
OR
Log In

From the Vault

Movie Music Identification

by senordingdong

This quiz plays like a musical.
Remove Ads.
Support Sporcle.
Get the best of Sporcle when you Go Orange. This ad-free experience offers more features, more stats, and more fun while also helping to support Sporcle. Thank you for becoming a member.

Show Comments

Extras

Top Quizzes Today


Score Distribution

Your Account Isn't Verified!

In order to create a playlist on Sporcle, you need to verify the email address you used during registration. Go to your Sporcle Settings to finish the process.

Report this User

Report this user for behavior that violates our Community Guidelines.

Details: